000
00332 a2200145 4500
001
149061
040
_c
Escola São Tomás de Aquino
100
_a
COSTA, Regina
240
1
0
_a
Pé com pé com passo a pé
_l
por
245
1
0
_a
Pé com pé com passo a pé
362
0
_a
1995
440
1
_a
Paulinas
697
_a
Poesia
942
_c
BK
999
_c
149061
_d
149061